|
|
|
|
| LEADER |
00000nam a2200000 a 4500 |
| 001 |
vtls011740424 |
| 003 |
SK-MaSNL |
| 005 |
20260301044540.0 |
| 008 |
201124s1601 gw 001 0 ger |
| 015 |
|
|
|a SNBHFA1601
|
| 035 |
|
|
|a urn:nbn:sk:snk-am00crdj
|
| 035 |
|
|
|a urn:nbn:sk:snk-am3hate
|
| 035 |
|
|
|a 8477A62F-F2D8-4D28-829A-34097E00FFC6
|
| 040 |
|
|
|a SNKHF
|b slo
|c SNK
|e AACR2
|
| 041 |
0 |
|
|a ger
|
| 044 |
|
|
|a gw
|c DE
|
| 072 |
|
7 |
|a 91
|x Geografia ako veda. Výskum. Cestovanie
|2 konspekt
|
| 080 |
|
|
|a 339
|2 2001
|
| 080 |
|
|
|a 91
|2 2011
|
| 130 |
0 |
|
|a America
|9 351144
|
| 245 |
1 |
0 |
|a Neundter vnd Letzter Theil Americae, Darin gehandelt wird/ von gelegenheit der Elementen/ Natur/ Art vnd eigenschafft der Newen Welt: Item von derselben Völcker/ Abergläubischen Götzendienst/ policey vnd Regiments Ordnung: Beneben einem seinem Register oder Catalogo, aller Könige/ von anfang jhrer Königreich an/ biß auff den letzten König der Mexicaner, Motecuma genant/ den andern deß mahmens/ Sampt eygentlicher Beschreibung der Wahl/ Krönung/ vnd Todt derselben/ vnd letzlich was diese Indianer für Krieg wider einander geführet haben. Alles auffs trewlichste aus Niederländischer Beschreibung Iohan. Hugen von Lintschotten/ in vnser Hochteutsche Sprache versetzet/ durch Iohannem Humberger VVetterauium ... Zu nutz vnd ergetzlichkeit Teutscher Nation/ aus Niederlandischer Sprach beschrieben/ durch M. Giothardt Artus von Dantzig. Alles mit schönen Kupfferstüsken gezieret/ vnd an Tag geben/ durch Dietrichs de Bry seligen Wittib/ vnd zween Söhne
|
| 260 |
|
|
|a Gedruckt zu Franckfurt am Mayn
|b Bey Wolffgang Richter
|b Bry, Theodor de st. - haeredes
|b Durch Matthaeum Becker
|c MDCI. [=1601]
|
| 300 |
|
|
|a [24], 327, 72 s., [1], XXV l.
|c fol.
|
| 500 |
|
|
|a Vinety, iniciálky s ornamentálnym pozadím vo voľnom priestore na 3-5, 8, 10 r., titulný list v portálovom ráme s figurálnou kompozíciou, v texte ilustrácie, erb, veduty, mapy, marginálie, kustody
|
| 501 |
|
|
|a Príväzok 3. k: BENZONI, Girolamo. das sechste Theil der neuwen Welt. - Frankfurt am Main : Johann Feyrabendt, verleg. Dietrichs von Bry, 1597. fol.
|5 SNK IA 1032
|
| 501 |
|
|
|a Príväzok 8. k: BRY, Theodor de: Eigentliche Fůrbildung. Gedruckt zu Franckfurt am Mayn: Johann Feyrabend, 1597. 4°.
|5 SNK IA 708/6-9
|
| 508 |
|
|
|a Ded.: Ludwig ml. - langróf hesenský; Bry, Johann Dietrich; Bry, Johann Israel
|
| 510 |
4 |
|
|a VD 17 547:640330U
|
| 562 |
|
|
|a Defekt: chýbajúce strany na konci knihy.
|5 SNK IA 708/6-9/prív.8
|
| 650 |
0 |
7 |
|a zámorské objavy
|2 SNK
|9 351145
|
| 700 |
1 |
|
|a Bry, Theodor de,
|d 1528-1598
|4 pbl
|4 egr
|9 169237
|
| 700 |
1 |
|
|a Linschoten, Jan Huygen van
|4 aut
|9 351146
|
| 700 |
1 |
|
|a Humberger, Johannes
|4 trl
|9 351147
|
| 700 |
1 |
|
|a Arthus, Gotthard
|4 trl
|9 351148
|
| 700 |
1 |
|
|a Bry, Theodor de,
|c dedičia,
|d 16.-17. storočie
|4 prt
|9 169243
|
| 700 |
1 |
|
|a Richter, Wolfgang
|4 prt
|9 297913
|
| 700 |
1 |
|
|a Becker, Matthaeus,
|c starší,
|d 16.-17. storočie
|4 prt
|9 126610
|
| 700 |
0 |
|
|a Ludwig ml. - langróf hesenský
|4 hnr
|9 351149
|
| 700 |
1 |
|
|a Bry, Johann Theodor de,
|d 1561-1623
|4 dto
|9 351150
|
| 700 |
1 |
|
|a Bry, Johann Israel de,
|d 1565-1609
|4 dto
|9 351151
|
| 710 |
2 |
|
|a Becker Matthaeus, Richter, Wolfgang, Bry,Theodor de st. - haeredes (Frankfurt am Main, Nemecko)
|4 prt
|9 351152
|
| 752 |
|
|
|a Nemecko
|d Frankfurt nad Mohanom
|
| 852 |
|
|
|a SNK
|b Zaiova knižnica: Zay 1068, prív. 3
|p IA 1032/prív.3
|
| 852 |
|
|
|a snk
|b Historické fondy
|h IA 708/6-9/prív.8
|
| 958 |
|
|
|a ONDV
|
| 999 |
|
|
|c 596256
|d 598186
|
| 952 |
|
|
|t Tlače 16. storočia
|a SNK
|b SNK
|c SNK_HF
|y PREZ
|7 0
|p 17A1400369
|o snkIA 708/6-9/prív.8
|i snkK 1528/84
|8 3
|0 0
|1 0
|4 0
|d 2023-11-15
|l 0
|r 2026-02-23 15:39:22
|w 2026-02-23
|
| 952 |
|
|
|t Zay 1068
|a SNK
|b SNK
|c SNK_HF
|y PREZ
|7 0
|p 17A1299505
|o snkIA 1032/prív.3
|i snk2018/3210
|8 5
|0 0
|1 0
|4 0
|d 2018-02-05
|f 1
|l 0
|r 2026-02-23 15:39:22
|w 2026-02-23
|